000 00355nam a2200133Ia 4500
008 210210b1966 xxu||||| |||| 00| 0 eng d
082 _a940.1 PAIH
100 _aPAINTER (Sidney).
245 _aHistory of the middle ages 284-1500.
260 _aLondon.
_bMacmillan & Co. Ltd.
_c1966
300 _aix,497,xx
690 _aEuropean History
906 _a026451
999 _c77970
_d77970